00309nam a2200109Ia 4500008004100000082001200041100001900053245004900072260003100121300000800152650003900160191201s2019 xx 000 0 und d a546 DEP aDEVALA, RAO. G 0aPractical Pharmaceutical Inorganic Chemistry bBirla PubaNew Delhic2019 a152 aPharmaceutical Inorganic Chemistry